Statistics for Geography by Letter - W

Click here to take the quiz!

General Stats

  • This quiz has been taken 51,532 times
    (16,400 since last reset)
  • The average score is 15 of 20

Answer Stats

Hint Answer % Correct
Capital of the United StatesWashington D.C.
100%
Capital of PolandWarsaw
98%
Residence of the U.S. presidentWhite House
97%
Cardiff is its capitalWales
94%
U.S. state with the lowest populationWyoming
90%
Capital of New ZealandWellington
89%
London district and host of a
major tennis tournament
Wimbledon
87%
Midwestern U.S. stateWisconsin
87%
Where Napoleon met his final defeatWaterloo
86%
German name of ViennaWien
81%
Most common Chinese last nameWáng
80%
Biggest stadium in EnglandWembley
73%
Part of London home to the
Houses of Parliament
Westminster
69%
Famous Honolulu beachWaikiki
68%
One of the Palestinian territoriesWest Bank
63%
Capital of ManitobaWinnipeg
58%
French-speaking region of BelgiumWallonia
43%
Irish city famous for crystalWaterford
43%
Most populous city in central ChinaWuhan
37%
French territory in the South Pacific{Wallis} and
Futuna
28%

Score Distribution

Percentile by Number Answered

Percent of People with Each Score

Your Score History

You have not taken this quiz since the last reset